000 00547 a2200169 4500
005 20110418130535.0
008 110418t xxu||||| |||| 00| 0 eng d
080 _aF
_bSUB/I
100 _aSubramanian, Ravi
_915475
245 _aIf god was a banker
300 _a260p.
653 _aFiction - English literature
942 _cBK
260 _aNew Delhi
_bRupa and Co
_c2010
_915476
020 _a9788129111470
952 _w2011-04-18
_p00064543
_r2013-03-18
_40
_00
_bUL
_m2
_10
_oF SUB/I
_d2011-04-18
_70
_cGEN
_2udc
_yBK
_s2013-03-04
_l17
_aUL
999 _c67361
_d67360